00539nam a22001697a 450000500170000001000150001702000270003203500140005903700130007308200150008610000220010124500810012326000400020427000450024430000250028950000550031420230822105922.0 aENG-116708 a9788184845822c2480.00 aEN-100240 bDBAD/PUB a 342.54087 aChadha, Anuradha  aReservation law and policy: bpast, present and future/cby Anuradha Chadha. aNew DelhibRegal Publicationsc2016 aF-159, Rajouri GardenbNew Delhie110027 axiv,440.00c23cm(Hb) a Includes bibliographical references and index.